000 00322nam a2200133Ia 4500
008 240624s9999 xx 000 0 und d
041 _aeng
082 _a658.404 IGN
100 _aIGNOU
245 _aTECHNOLOGY ISSUES AND IMPLICATIONS 1
260 _c2003
_aNew Delhi
_bIGNOU
300 _a48 : p. : cm. ; 26
365 _cRS
999 _c7223
_d7223